000 00635nam a22002177a 4500
001 77429
003 BD-RjUL
005 20211209082953.0
008 200910r19501940enk||||| |||| 00| 0 eng d
035 _a(BD-RjUL)77654
040 _aBD-RjUL
_beng
_cBD-RjUL
041 _aeng
082 _a821.8
_bSWS 1950
100 _aSwinburne, Algernon Charles
_9241353
245 1 0 _aSwinburne :
_bpoems and prose /
_cAlgernon Charles Swinburne
260 _aLondon :
_bJ.M. Dent & Sons,
_c1940 [reprint 1950]
300 _a377 p.;
_c18 cm.
650 _aEnglish poetry
_9241354
650 _aEnglish prose literature
_9241355
942 _2ddc
_cBK
999 _c77429
_d77429